000 00310nam a2200121 i 4500
001 bg
245 0 _aZbiór zadań z programowania matematycznego.
_nCz. 2,
_pProgramowanie nieliniowe.
260 _aWarszawa,
_c1988.
040 _cBPK
041 _apol
942 _cKS
008 s pl f |000 0 pol
999 _c3726
_d3726
856 _uhttp://koha.tu.koszalin.pl/cgi-bin/koha/opac-detail.pl?biblionumber=3726
_yKatalog online BPK